000 00712nam a22001577a 4500
003 OSt
005 20150928091345.0
008 150928b xxu||||| |||| 00| 0 eng d
040 _cRUA
082 _aAGR PIC 2012 B053 Or.1
100 _91469
_aPICH, PUTHPANNHA.
245 _aevaluating the effecctiveness of the rice seed packaging on germination rate and storage period ( ការវាយតម្លៃប្រសិទ្ធភាពរបស់បរិក្ខាទុកដាក់គ្រាបពូជ ស្រូវលើអត្រាដំណុះ និងរយៈពេលទុកដាក់)
260 _aPhnom Penh
_bRUA
_c2012
300 _axi, 41p.
_bill.
_c29cm.
942 _2ddc
_cAGR
999 _c1380
_d1380